Fenomén dočasnej architektúry

Guardado en:
Detalles Bibliográficos
Autor principal: Kolimárová, Simona (Autor)
Otros Autores: Schleicher, Alexander (Orientador)
Formato: Manuscrito Libro
Lenguaje:eslovaco
Publicado: 2025
Materias:
Acceso en línea:http://is.stuba.sk/zp/portal_zp.pl?podrobnosti=152464
Etiquetas: Agregar Etiqueta
Sin Etiquetas, Sea el primero en etiquetar este registro!

MARC

LEADER 00000ntm a22000003a 4500
001 stuzp71256
003 SK-STU
005 20250222210311.4
007 ta
008 150427s2015----xo-----f-mn---000-0-slo-d
040 |a STU  |b slo 
041 0 |a slo 
100 1 |a Kolimárová, Simona  |u 058180  |4 aut  |U FAD Fakulta architektúry a dizajnu  |T FAD Ústav architektúry občianskych budov  |X 61665  |U A8180  |Y 399  |7 61665 
242 0 1 |a The Phenomenon of Temporary Architecture  |y eng 
245 1 0 |a Fenomén dočasnej architektúry 
260 |c 2025 
650 4 |a katalyzátor  |2 slo 
650 4 |a dočasnosť  |2 slo 
650 4 |a atraktor  |2 slo 
650 4 |a efemerita  |2 slo 
650 4 |a dočasná architektúra  |2 slo 
650 4 |a čas  |2 slo 
650 4 |a architektúra  |2 slo 
650 4 |a architecture  |2 eng 
650 4 |a temporality  |2 eng 
650 4 |a ephemerality  |2 eng 
650 4 |a temporary architecture  |2 eng 
650 4 |a attractor  |2 eng 
650 4 |a time  |2 eng 
650 4 |a catalyst  |2 eng 
700 1 |a Schleicher, Alexander  |u 058180  |k Z1  |4 ths  |U FAD Fakulta architektúry a dizajnu  |T FAD Ústav architektúry občianskych budov  |X 472  |U A8180  |Y 399  |7 A000000472 
856 4 |u http://is.stuba.sk/zp/portal_zp.pl?podrobnosti=152464 
996 |b 284AU10469  |c A* 13641/V  |l AAKNST  |s P  |a 0  |w stuzp71256_0001